| 000 | 01538nam a22002177a 4500 | ||
|---|---|---|---|
| 003 | OSt | ||
| 005 | 20260304055632.0 | ||
| 008 | 260304b |||||||| |||| 00| 0 eng d | ||
| 020 | _a9780316232708 | ||
| 040 |
_aDWCL GS lib _cOC |
||
| 082 | _aFic. P315m | ||
| 100 | _aPatterson, James | ||
| 245 |
_aMIDDLE SCHOOL : _bMY BROTHER IS A BIG FAT / _cJames Patterson |
||
| 260 |
_aNew York _bLittle, Brown and Company _cc2013. |
||
| 300 |
_avii 292 pages: _billustrations _c22cm. |
||
| 520 | _aFrom blockbuster author James Patterson comes the third installment in the #1 New York Times bestselling Middle School series!Georgia Khatchadorian plans to excel at Hills Village Middle School in all the places her troublemaking brother failed. She's even bet him that she'll quickly become one of the most popular girls in school. But Rafe left a big mark at HVMS, and no one will give Georgia a chance! Even worse, Rafe has sneakily signed up her band to play at the school dance, and she's terrified to embarrass herself in front of the snooty "Princesses" who run the school and the boy who's caught her eye. Will she be able to overcome her fears and win her bet with Rafe? Find out THE TRUTH about Rafe Khatchadorian's sister in the first Middle School story from the point of view of the hilarious Georgia--a girl who's ready to speak her mind!Includes black-and-white illustrations throughout | ||
| 546 | _aEnglish | ||
| 650 | _aHumor | ||
| 700 | _aJames Patterson | ||
| 942 |
_2ddc _cFIC. _hFic. P315m 2013 _n0 |
||
| 999 |
_c8611 _d8611 |
||